000 00585nam a2200241Ia 4500
003 OSt
005 20221005121922.0
006 a|||||r|||| 00| 0
007 ta
008 221004b |||||||| |||| 00| 0 tam d
024 _a52553
037 _cTextual
040 _aCRL
_cCRL
_btam
041 _2tam
_atam
082 _aZ2, 31J0
100 _aPallai Subramaniya Au.
_9631251
245 0 _aIndia chatta hovai
260 _c1950
300 _a36p.
_ccm.
650 _aLAW
942 _hZ2, 31J0
_cTEXL
_2cc
999 _c1042694
_d1042694